|
|
|
|
| LEADER |
00000nam a2200000 a 4500 |
| 005 |
20110830101949.0 |
| 008 |
090310s2008 sp 000 0 spa c |
| 020 |
|
|
|a 9788496721487
|
| 035 |
|
|
|a 5707
|
| 040 |
|
|
|d vLex
|
| 043 |
|
|
|a e------
|
| 080 |
|
|
|a 301.162.2:343(46)
|
| 090 |
|
|
|c 2291
|d 2291
|
| 100 |
1 |
|
|a Molina Navarrete, Cristb̤al
|
| 245 |
1 |
3 |
|a El Acuerdo Marco Comunitario para la gestin̤ del acoso y violencia en el trabajo
|c Cristobal Molina Navarrete
|h [Recurso electrn̤ico] /
|
| 256 |
|
|
|a Servicio en ln̕ea.
|
| 260 |
|
|
|a Albacete :
|b Bomarzo,
|c 2008
|
| 300 |
|
|
|a 177 p. ;
|c 24 cm
|
| 506 |
1 |
|
|a Contenido solo disponible en los productos indicados
|d vLex Global
|d vLex Global (Academic Edition, excluding Law Schools)
|d vLex Global (U.S. Academic Edition, Law Schools)
|d vLex Global (U.S. Academic Edition, excluding Law Schools)
|d vLex Global (Academic Edition, Law Schools)
|
| 650 |
0 |
4 |
|a Acoso psicolg̤ico en el lugar de trabajo
|z Unin̤ europea, Paises de la
|
| 650 |
0 |
4 |
|a Violencia psicolg̤ica
|z Unin̤ Europea, Paises de la
|
| 740 |
0 |
|
|a vLex Libros (Servicio en ln̕ea)
|
| 830 |
|
0 |
|a Bs̀icos de derecho social (Bomarzo)
|
| 856 |
4 |
0 |
|u http://vlex.com/source/acuerdo-marco-comunitario-gestion-acoso-violencia-trabajo-5707
|z Acceso restringido
|
| 942 |
|
|
|c BOOK
|